[Event "Muscat-ch op"]
[Site "Muscat"]
[Date "2024.12.30"]
[Round "7"]
[White "Al Ansi, Amin Hassan"]
[Black "Aswanthram, Sankar Ganesh Kanna"]
[Result "1-0"]
[WhiteElo "1825"]
[BlackElo "1566"]
[PlyCount "98"]
[EventDate "2024.12.26"]
[EventType "swiss"]
[EventRounds "9"]
[EventCountry "OMN"]
[SourceTitle "CB01_2025"]
[SourceDate "2025.01.01"]
[SourceVersion "1"]
[SourceVersionDate "2025.01.01"]
[SourceQuality "1"]

1. e4 c6 2. c4 e6 3. d4 d5 4. Nc3 dxe4 5. Nxe4 Nf6 6. Nxf6+ Qxf6 7. Nf3 Bb4+ 8. Bd2 Bxd2+ 9. Qxd2 0-0 10. Be2 Rd8 11. Qe3 Nd7 12. 0-0 Nb6 13. a4 Nd7 14. a5 a6 15. Rfd1 Nf8 16. Rd2 Ng6 17. g3 Re8 18. Ne5 c5 19. f4 cxd4 20. Rxd4 Ne7 21. Qf2 Nf5 22. Rd2 Qe7 23. Rad1 f6 24. Nf3 e5 25. fxe5 fxe5 26. Rd5 e4 27. Re5 Qf8 28. Rxe8 Qxe8 29. Qb6 Bd7 30. Nd4 Nxd4 31. Qxd4 Bc6 32. Bf1 Qg6 33. Bg2 Re8 34. Re1 Qf6 35. Qxf6 gxf6 36. Kf1 f5 37. Bh3 Re5 38. b4 Kg7 39. Kf2 Kf6 40. Ke3 h5 41. Rd1 Ba4 42. Rd6+ Re6 43. Rxe6+ Kxe6 44. Kf4 e3 45. Bxf5+ Kf6 46. Bd3 Bc2 47. Kxe3 Bxd3 48. Kxd3 Kf5 49. h3 Ke5 1-0

[Event "Suhar op"]
[Site "Suhar"]
[Date "2024.12.15"]
[Round "7"]
[White "Al Mamari, Imran"]
[Black "Aswanthram, Sankar Ganesh Kanna"]
[Result "1-0"]
[WhiteElo "1676"]
[BlackElo "1566"]
[PlyCount "83"]
[EventDate "2024.12.12"]
[EventType "swiss"]
[EventRounds "7"]
[EventCountry "OMN"]
[SourceTitle "CB52_2024"]
[SourceDate "2024.12.25"]
[SourceVersion "1"]
[SourceVersionDate "2024.12.25"]
[SourceQuality "1"]

1. c4 e5 2. Nc3 f5 3. g3 Nf6 4. Bg2 Be7 5. d3 0-0 6. Nf3 d6 7. 0-0 c6 8. e3 Be6 9. b4 Nbd7 10. Ng5 Bf7 11. Nxf7 Rxf7 12. b5 Rc8 13. Qa4 Nc5 14. Qd1 Ne6 15. Rb1 d5 16. bxc6 bxc6 17. e4 fxe4 18. dxe4 d4 19. Na4 Bd6 20. Bh3 Qe7 21. c5 Bb8 22. Qb3 Re8 23. Bxe6 Qxe6 24. Qxe6 Rxe6 25. Rxb8+ Rf8 26. Rxf8+ Kxf8 27. f3 Re7 28. Rf2 Rb7 29. Rb2 Rb5 30. Rxb5 cxb5 31. Nb2 Ke7 32. Bg5 Kd7 33. Bxf6 gxf6 34. Nd3 a5 35. Kf2 Kc6 36. Ke2 b4 37. Kd2 Kb5 38. f4 a4 39. Kc2 exf4 40. gxf4 Kc4 41. Nxb4 Kxc5 42. Nd3+ 1-0